Mapas, ciudades, provincias, República Dominicana: (Record no. 52973)
[ view plain ]
| 000 -CABECERA | |
|---|---|
| campo de control de longitud fija | 00794nam a2200241 a 4500 |
| 003 - IDENTIFICADOR DEL NÚMERO DE CONTROL | |
| campo de control | DO-SdBNP |
| 005 - FECHA Y HORA DE LA ÚLTIMA TRANSACCIÓN | |
| campo de control | 20221118130408.0 |
| 007 - CAMPO FIJO DE DESCRIPCIÓN FÍSICA--INFORMACIÓN GENERAL | |
| campo de control de longitud fija | ta |
| 008 - DATOS DE LONGITUD FIJA--INFORMACIÓN GENERAL | |
| campo de control de longitud fija | 221118e2011 dr ab||gre||| 001 0 spa d |
| 020 ## - NÚMERO INTERNACIONAL ESTÁNDAR DEL LIBRO | |
| Número Internacional Estándar del Libro | 9789945401974 |
| 040 ## - FUENTE DE LA CATALOGACIÓN | |
| Centro catalogador/agencia de origen | DO-SdBNP |
| Lengua de catalogación | spa |
| Centro/agencia transcriptor | BNPHU |
| 082 #4 - NÚMERO DE LA CLASIFICACIÓN DECIMAL DEWEY | |
| Número de edición | 22 |
| Número de documento/Ítem | M516m 2011 |
| 100 #4 - ENTRADA PRINCIPAL--NOMBRE DE PERSONA | |
| 9 (RLIN) | 30791 |
| Nombre de persona | Mejía, Cristian |
| 245 ## - MENCIÓN DE TÍTULO | |
| Título | Mapas, ciudades, provincias, República Dominicana: |
| Resto del título | callejero de 190 mapas diversos. / |
| Mención de responsabilidad, etc. | Cristian Mejia |
| 250 ## - MENCIÓN DE EDICIÓN | |
| Mención de edición | 3ra. ed. |
| 260 ## - PUBLICACIÓN, DISTRIBUCIÓN, ETC. | |
| Lugar de publicación, distribución, etc. | Santo Domingo : |
| Nombre del editor, distribuidor, etc. | Mapas Gaar, |
| Fecha de publicación, distribución, etc. | 2011 |
| 300 ## - DESCRIPCIÓN FÍSICA | |
| Extensión | 301 p. : |
| Otras características físicas | il., mapas ; |
| Dimensiones | 21 cm. |
| 650 #4 - PUNTO DE ACCESO ADICIONAL DE MATERIA--TÉRMINO DE MATERIA | |
| 9 (RLIN) | 81114 |
| Término de materia o nombre geográfico como elemento de entrada | Provincias |
| Subdivisión de forma | Mapas |
| Subdivisión geográfica | República Dominicana |
| 651 #4 - PUNTO DE ACCESO ADICIONAL DE MATERIA--NOMBRE GEOGRÁFICO | |
| 9 (RLIN) | 77308 |
| Nombre geográfico | República Dominicana |
| Subdivisión de forma | Mapas |
| 651 #4 - PUNTO DE ACCESO ADICIONAL DE MATERIA--NOMBRE GEOGRÁFICO | |
| 9 (RLIN) | 33769 |
| Nombre geográfico | República Dominicana |
| Subdivisión de forma | Ciudades y Pueblos |
| Subdivisión general | Mapas |
| 910 ## - DATOS DE OPCIÓN DEL USUARIO (OCLC) | |
| Datos de opción del usuario | MFeliz |
| 942 ## - ELEMENTOS DE PUNTO DE ACCESO ADICIONAL (KOHA) | |
| Fuente del sistema de clasificación o colocación | Dewey Decimal Classification |
| Tipo de ítem Koha | Libro |
| Estado de retiro | Estado de pérdida | Fuente del sistema de clasificación o colocación | Restricciones de uso | No para préstamo | Código de colección | Localización permanente | Ubicación/localización actual | Ubicación en estantería | Fecha de adquisición | Total de préstamos | Signatura topográfica completa | Código de barras | Fecha visto por última vez | Precio válido a partir de | Tipo de ítem Koha |
|---|---|---|---|---|---|---|---|---|---|---|---|---|---|---|---|
| Dewey Decimal Classification | Excluido de préstamo | Patrimonio Dominicano | Biblioteca Nacional Pedro Henríquez Ureña | Biblioteca Nacional Pedro Henríquez Ureña | En catalogación | 18.11.2022 | M516m 2011 | 2022-5507 | 18.11.2022 | 18.11.2022 | Libro |
